00497nam a22001217a 4500008004100000040005500041080002000096245015600116260004600272300001600318650002000334653002100354230313b |||||||| |||| 00| 0 eng d aNational Science LibrarycNational Science Library aD 025.315 bK71 aAnglo-American cataloging rules: bPrepared by The ALA, The LC, The Library Association and The Canadian Library Associationc/ The Library Association 8London: aThe Library Association, b1967 axxiv, 327p. aLibrary science aCataloging rules